| 000 | 00634nam a2200217 4500 | ||
|---|---|---|---|
| 001 | 112976 | ||
| 003 | ES-MaACL | ||
| 005 | 20230906185720.0 | ||
| 007 | t| | ||
| 008 | 061121s1968 sp r ||||1| spa d | ||
| 245 | 0 | 0 | _aNuevo horizonte del Movimiento Nacional. |
| 260 |
_aMadrid : _bEdiciones del Movimiento, _c1968. |
||
| 300 |
_a337 p. ; _c21 cm. |
||
| 490 | 1 | _aNuevo horizonte | |
| 610 | 2 | 4 |
_aMovimiento Nacional (España) _95776 |
| 651 | 4 |
_aEspaña- _xHistoria- _y1955-1975. _98337 |
|
| 710 | 2 |
_aEdiciones del Movimiento. _9171800 |
|
| 830 | 1 |
_aNuevo horizonte _9181183 |
|
| 852 |
_aES-MaACL _jC-50460 |
||
| 999 |
_c112976 _d112976 |
||